| 000 | 00580nam a2200205Ia 4500 | ||
|---|---|---|---|
| 005 | 20180820113727.0 | ||
| 008 | 131103s9999 xx 000 0 und d | ||
| 040 | _aLoreto College | ||
| 041 | _aEnglish | ||
| 082 |
_a320.5 _bMAR |
||
| 100 | _aMarx,Karl | ||
| 245 |
_aCapital _b the communist manifesto and other writings _cKarl Marx |
||
| 260 |
_aNew York _bCarlton House _c1932 |
||
| 300 | _a428 p. | ||
| 504 | _aIncludes foot notes and bibliographical references | ||
| 650 | _aPhilosophy | ||
| 651 | _aPhilosophy - Germany and Austria | ||
| 850 | _aLCLIB | ||
| 942 | _cBK | ||
| 999 |
_c12851 _d63330 |
||